000 00401nam a2200181Ia 4500
001 379
005 20260306140513.0
008 260306t2012||||xx |||||||||||||| ||spa||
041 _aESP
082 _a110
_bG24
100 _aGarcía Yebra, Valentín
_eAUT
245 0 _aMetafísica de Aristóteles
260 _c2012
300 _a
_c
650 _aGEN
654 _aCHU
942 _cLIB
_dJUS
_fJUS
_2ddc
_n
999 _c379
_d379